| 000 | 01152nam a2200265Ia 4500 | ||
|---|---|---|---|
| 001 | 20219 | ||
| 003 | GE_BSU | ||
| 008 | 181216s||||||||xx |||||||||||||| ||und|| | ||
| 020 | _a5505012396 | ||
| 040 | _cGE_BSU | ||
| 080 | _a519.2(075.3) | ||
| 100 | _aსხირტლაძე,ა. ტუღუში,თ. ოსიძე,ა. და სხვ. | ||
| 245 | _aალბათობის თეორია და მათემატიკური სტატისტიკა: თეორია, სავარჯიშოები და ამოცანები. | ||
| 245 | _cს. თოფურიას რედ–ით. | ||
| 260 | _aთბილისი | ||
| 260 | _bგანათლება | ||
| 260 | _c1990 | ||
| 300 | _a281გვ. ; 21სმ | ||
| 541 | _h9ლ. | ||
| 653 | _aალბათობის თეორია და მათემატიკური სტატისტიკა. | ||
| 653 | _aთეორია, სავარჯიშოები და ამოცანები. | ||
| 653 | _aმათემატიკა | ||
| 653 | _aქსეროქსი | ||
| 942 | _cBK | ||
| 999 |
_c53178 _d53178 |
||